书目信息 |
| 题名: |
科研方法导论
|
|
| 作者: | 张伟刚 著 | |
| 分册: | ||
| 出版信息: | 北京 科学出版社 2015.01 |
|
| 页数: | 268页 | |
| 开本: | 26cm | |
| 丛书名: | 国家级教学团队·科学素质教育丛书 | |
| 单 册: | ||
| 中图分类: | G304 | |
| 科图分类: | ||
| 主题词: | 科学研究--研究方法--教材 | |
| 电子资源: | ||
| ISBN: | 978-7-03-040419-0 | |
| 000 | 01072oam2 2200289 450 | |
| 001 | 0120172304809 | |
| 005 | 20180906145253.10 | |
| 010 | @a978-7-03-040419-0@dCNY48.00 | |
| 100 | @a20170930e20172015em y0chiy50 ea | |
| 101 | 0 | @achi |
| 102 | @aCN@b110000 | |
| 105 | @aa z 000yy | |
| 106 | @ar | |
| 200 | 1 | @a科研方法导论@9ke yan fang fa dao lun@f张伟刚著 |
| 205 | @a2版 | |
| 210 | @a北京@c科学出版社@d2015.01@h2017.05重印 | |
| 215 | @a268页@c图@d26cm | |
| 225 | 2 | @a国家级教学团队·科学素质教育丛书 |
| 300 | @a国家级精品课程教材 | |
| 330 | @a本书分五篇——科研基础知识篇、科研方法技能篇、科研实践应用篇、科研学习结合篇和科研素质培养篇;以科研方法为核心,结合科研工作实际,系统地阐述了科研基本概念、科研工作规程、典型科研方法、科学思维方式、课题组及其管理以及科研素质培养。 | |
| 333 | @a院校研究生、本科生,有关科研工作者 | |
| 461 | 0 | @12001 @a国家级教学团队·科学素质教育丛书 |
| 606 | 0 | @a科学研究@x研究方法@j教材 |
| 690 | @aG304@v5 | |
| 701 | 0 | @a张伟刚@9zhang wei gang@4著 |
| 801 | 0 | @aCN@b人天书店@c20170930 |
| 905 | @b1087423-27@dG304@e242=2@f5 | |
| 科研方法导论/张伟刚著.-2版.-北京:科学出版社,2015.01(2017.05重印) |
| 268页:图;26cm.-(国家级教学团队·科学素质教育丛书) |
| 国家级精品课程教材.-使用对象:院校研究生、本科生,有关科研工作者 |
| ISBN 978-7-03-040419-0:CNY48.00 |
| 本书分五篇——科研基础知识篇、科研方法技能篇、科研实践应用篇、科研学习结合篇和科研素质培养篇;以科研方法为核心,结合科研工作实际,系统地阐述了科研基本概念、科研工作规程、典型科研方法、科学思维方式、课题组及其管理以及科研素质培养。 |
| ● |
| 相关链接 |
|
|
|
|
正题名:科研方法导论
索取号:G304/242=2
 
预约/预借
| 序号 | 登录号 | 条形码 | 馆藏地/架位号 | 状态 | 备注 |
| 1 | 1087423 | 210874231 | 第一样本阅览室/ [索取号:G304/242=2] | 在馆 | |
| 2 | 1087424 | 210874240 | 教育系资料室/ [索取号:G304/242=2] | 在馆 | |
| 3 | 1087425 | 210874259 | 教育系资料室/ [索取号:G304/242=2] | 在馆 | |
| 4 | 1087426 | 210874268 | 第四借阅区/ [索取号:G304/242=2] | 在馆 | |
| 5 | 1087427 | 210874277 | 第四借阅区/ [索取号:G304/242=2] | 在馆 |